000
00249nam a22001097a 4500
999
_c
167495
_d
167495
082
_a
_b
100
_a
Antony
245
_a
Aachalik upanyaz akatha ko khog/
_c
by Antony.
260
_a
Mathura:
_b
Jawahar Pustakalaya,
_c
650
_a
942
_c
BK